000 00578nam a2200181Ia 4500
005 20250423095557.0
008 250422s9999 xx 000 0 und d
020 _a9789351111979
050 _aTN 271.P4 .S24/
100 _aSah, S. L.
245 0 _aHandbook of petroleum exploration and production (Vol. 4) : horizontal oil and gas wells drilling, and horizontal drilling technology and applications.
260 _aNew Delhi
260 _bRandom Publications
260 _c2014
300 _a214 p
650 _a Prospecting. Petroleum--Geology.
942 _cBK
999 _c30696
_d30696